000 01287nam0a22003011 4500
001 rc\4866454
005 20181121104214.0
021 _aRU
_b[59-39971]
035 _a(NLR Aleph) 008907838
090 _a8744402
_c8744402
100 _a20130426d1959 |||y0rusy50 ca
101 0 _arus
102 _aRU
105 _aag z |||ea
200 1 _aАвтобиографические, творческие материалы, документы, письма
_fСост., авт. вступ. статьи, [с. 7-35], и примеч. Л.М. Кутателадзе
_gПод ред. Ю.В. Келдыша
_gГос. науч.-исслед. ин-т театра, музыки и кинематографии
210 _aЛенинград
_cМузгиз
_d1959
215 _a448 с., 17 л. ил.
_cнот. ил.
_d23
320 _aСписок сочинений Э.Ф. Направника: с. 422-428
606 _aМузыка
_2psbo
700 1 _aНаправник
_bЭ. Ф.
_f1839-1916
_gЭдуард Францевич
_3RU\NLR\AUTH\770196042
702 1 _aКутателадзе
_bЛ. М.
_4220
_4080
_4212
702 1 _aКелдыш
_bЮ. В.
_4340
801 0 _aRU
_bNLR
_gpsbo
801 1 _aRU
_bELAR
_2rusmarc
852 _aNLR
_j59-5/2879
942 _cBOOK
980 _aNB